000 00603nam a22002297a 4500
003 UA-OsUOA
001 48523
007 ta
008 20070907b un ||||| |||| 00| 0 ukr d
100 _aГордієнко А.
090 _a82
_bГ68
942 _cBK
040 _aUA-OsUOA
_bukr
_cUA-OsUOA
_dUA-OsUOA
245 _aСуспільне життя і художній талант
300 _a269 с.
955 _a2
041 _aukr
080 _a82
260 _aК.
_bДніпро
_c1972
650 7 _a82 Література. Літературознавство
_2UDC
999 _c334634
_d334634